analysis and design of power amplifier for communication at Ku Band / (Record no. 528222)

000 -LEADER
fixed length control field 00581nam a22001697a 4500
082 ## - DEWEY DECIMAL CLASSIFICATION NUMBER
Classification number 621.3
100 ## - MAIN ENTRY--PERSONAL NAME
Personal name Kaukab, Muhammad Faisal
245 ## - TITLE STATEMENT
Title analysis and design of power amplifier for communication at Ku Band /
Statement of responsibility, etc. Muhammad Faisal Kaukab.
260 ## - PUBLICATION, DISTRIBUTION, ETC.
Place of publication, distribution, etc. Islamabad:
Name of publisher, distributor, etc. SEECS - NUST,
Date of publication, distribution, etc. 2017.
300 ## - PHYSICAL DESCRIPTION
Extent 88 p.: ill.;
Dimensions 30cm.
650 ## - SUBJECT ADDED ENTRY--TOPICAL TERM
Topical term or geographic name entry element MS-EE Thesis
700 ## - ADDED ENTRY--PERSONAL NAME
Personal name Dr. Hammad Mehmood Cheema
856 ## - Uniform Resource Identifier
Uniform Resource Identifier <a href="http://10.250.8.41:8080/xmlui/handle/123456789/20312">http://10.250.8.41:8080/xmlui/handle/123456789/20312</a>
942 ## - ADDED ENTRY ELEMENTS (KOHA)
Source of classification or shelving scheme
Koha item type Thesis
650 ## - SUBJECT ADDED ENTRY--TOPICAL TERM
-- 19063
700 ## - ADDED ENTRY--PERSONAL NAME
-- 19852
Holdings
Withdrawn status Lost status Source of classification or shelving scheme Damaged status Not for loan Permanent Location Current Location Shelving location Date acquired Full call number Barcode Date last seen Price effective from Non-public note Koha item type
          Central Library (CL) Central Library (CL) Thesis 09/03/2019 621.3 CL-T-3306 09/03/2019 09/03/2019 Minute Sheet No. 0929/02/CL/Survey/5 dated 23rd April 2024 E-MIN ID 114741 Thesis
© 2023 Central Library, National University of Sciences and Technology. All Rights Reserved.